00708nam a2200229 a 4500001001300000003000900013005001700022008004100039020001000080082001800090100002300108245004700131260004800178300000900226500003500235650003400270700002300304902000800327942000700335952011900342999001700461nice12345678IN_TiNIC20260116014240.0070828s1999 cama grp 000 0 eng  ac20000a320.0954bHAR aHarrison, Seling S aIndia and Pakistanb The First Fifty Years aCambridgebCambridge University Pressc1999 a216p aincludes index and biblioraphy aIndia-Politics and Government1 aHarrison, Seling S bSRS cBK 001040708StackRoom-aHMIbHMId2007-08-28g200.00l0o320.0954 HARp021562r2007-08-28v200.00w2007-08-28yBK c14509d14509